000 00656nam a2200205 a 4500
001 000048935
005 20201002061525.0
008 190314s201u dr 000 0 spa d
020 _a9789945080896
040 _aDO-SdBNP
_bspa
_cBNPHU
082 _bC987j
100 1 _aCustodio, Roberto
_924864
245 1 0 _aJoyas preciosas :
_b(poemas, teología y filosofía) /
_cRoberto Custodio.
260 _a[Mexíco] :
_bEstrella,
_c[201-]
_fRepública Dominicana
300 _a45 p. ;
_c21 cm.
490 1 _aEstrella ;
500 _aLa biblioteca posee 3 ejemplares autografíados por el autor.
590 _aInventariado, 2019/ YL
830 0 _aEstrella
_976371
999 _c48423
_d48423